The Square Root of 2 : A Dialogue Concerning a Number and a Sequence /

Sábháilte in:
Sonraí bibleagrafaíochta
Príomhchruthaitheoir: Flannery, David (autor)
Formáid: LEABHAR
Teanga:Béarla
Foilsithe / Cruthaithe: Nueva York, EUA : Copernicus : Praxis, 2006, c2006
Ábhair:
Clibeanna: Cuir clib leis
Níl clibeanna ann, Bí ar an gcéad duine le clib a chur leis an taifead seo!

MARC

LEADER 00000nam^a2200000^a^4500
001 000187197
005 20250521000000.0
009 20260310102251.143
020 |a 0-387-20220-X 
037 |a Acervo ITESO - Biblioteca 
041 |a ING 
082 |a 512. 7  |b FLA 
100 |a Flannery, David  |e (autor) 
245 1 4 |a The Square Root of 2 :  |b A Dialogue Concerning a Number and a Sequence /  |c D. Flannery. 
264 4 |a Nueva York, EUA :  |b Copernicus :  |b Praxis,  |c 2006, c2006 
300 |a X, 256 p. 
336 |a texto  |b txt  |2 rdacontenido 
337 |a sin mediación  |b n  |2 rdamedio 
338 |a volumen  |b nc  |2 rdasoporte 
649 |a XX 
650 |a Números Irracionales 
650 |a Números Reales 
650 |a Matemáticas 
910 |a Fondo General 
920 |a Impresos - Libros 
930 |a Colección General 
905 |a 101 
901 |a 0500129412  |b IT1  |c ACC  |u 20250521 
902 |a https://opac.biblio.iteso.mx/vufind/Record/000187197